000
00337cam a2200145ua 4500
020
_a
817409136x
082
_a
697.93
_b
BAL/RE
100
_a
Ballaney, P L .
245
_a
Refrigeration and air conditioning /
250
_a
9 /
260
_a
Delhi :
_b
Khanna Publishers ,
_c
1992.
300
_a
809 ; .
500
_a
*css
942
_c
BK
999
_c
9763
_d
9763